| 000 | 00973cam a22002771 4500 | ||
|---|---|---|---|
| 001 | sa 68015448 | ||
| 003 | DLC | ||
| 005 | 20260227112643.0 | ||
| 008 | 850809m19679999ii abf b f000 0 eng | ||
| 010 | _asa 68015448 | ||
| 020 | _cv. 1: Rs50.00; £3/16/6 | ||
| 025 | _aPL480:I-E-9807 | ||
| 040 |
_aDLC/ICU _cICU _dDLC |
||
| 043 | _aa-ii--- | ||
| 050 | 0 | 0 |
_aQK358 _b.B53 |
| 082 | 0 | 0 | _a591.9/54/14 |
| 100 | 1 |
_aBiswas, Kalipada, _d1899- |
|
| 245 | 1 | 0 | _aPlants of Darjeeling and the Sikkim Himalayas. |
| 260 |
_aAlipore, _bSupt., Govt. Print., West Bengal Govt. Press, _c1966- [i.e. 1967- |
||
| 300 |
_av. <1- > _billus. (part col.), col. map, plates (part col.) _c29 cm. |
||
| 500 | _aOn jacket of v. 1: Govt. of West Bengal, Commerce and Industries Dept. | ||
| 504 | _aBibliography: v. 1, p. 85-90. | ||
| 650 | 0 |
_aBotany _zIndia _zDarjeeling (District) |
|
| 650 | 0 |
_aBotany _zIndia _zSikkim. |
|
| 710 | 1 |
_aWest Bengal (India). _bCommerce and Industries Department. |
|
| 999 |
_c86461 _d86461 |
||